Analýza možností optimalizácie nákladov v podniku diplomová práca

Salvato in:
Dettagli Bibliografici
Autore principale: Rožičová, Dominika
Ente Autore: Fakulta podnikového manažmentu EU. Katedra podnikovohospodárska
Altri autori: Šagátová, Slavka, 1975-
Natura: Libro
Lingua:slovacco
Pubblicazione: Bratislava 2017
Tags: Aggiungi Tag
Nessun Tag, puoi essere il primo ad aggiungerne!!

MARC

LEADER 00000nbm a2200000 4500
001 0232291
005 20171030111100.6
041 0 |a slo 
044 |a SK 
245 1 0 |a Analýza možností optimalizácie nákladov v podniku  |b diplomová práca  |c Dominika Rožičová ; školiteľ: Slavka Šagátová 
264 1 |a Bratislava  |c 2017 
300 |a 77 s. 
100 1 |a Rožičová, Dominika 
700 1 |a Šagátová, Slavka, 1975- 
710 2 |a Fakulta podnikového manažmentu EU. Katedra podnikovohospodárska